| 000 | 00598nam a2200193Ia 4500 | ||
|---|---|---|---|
| 008 | 150610s9999 xx 000 0 und d | ||
| 020 | _a9780545051644 | ||
| 050 |
_aPZ7 _b.D6475 L35 2007 |
||
| 100 | _aD'Lacey, Chris | ||
| 245 | 4 |
_aThe fire eternal / _cChris D'Lacey. |
|
| 260 |
_aNew York : _bScholastic Inc., _c2007. |
||
| 300 |
_a506pages ; _c20 cm. |
||
| 440 |
_aThe Last dragon chronicles ; book 4 _vv.4 |
||
| 520 | _aFiction. | ||
| 650 |
_aArctic regions _bFiction. |
||
| 650 |
_aClimatic change _xFiction. |
||
| 650 |
_aDragons _xFiction. |
||
| 650 |
_aEnvironmental degradation _bFiction. |
||
| 999 |
_c287908 _d287908 |
||